| 000 | 00954nam a2200229 i 4500 | ||
|---|---|---|---|
| 003 | IT-RoINE | ||
| 005 | 20190529095716.0 | ||
| 008 | 921104s1935 sp a r 000 | spa d | ||
| 040 |
_aES-MaCSI _cIT-RoINE _dIT-RoINE |
||
| 100 | 1 |
_aMartínez Burgos, Matías, _922569 _d1880-1957 |
|
| 245 | 1 | 0 |
_aCatálogo del Museo Arqueológico Provincial de Burgos / _cpor Matías Martínez Burgos. |
| 260 |
_aMadrid : _b[s.n.], _c1935. |
||
| 300 |
_a152 p., LVII h. de lám. ; _c17 cm. |
||
| 336 |
_2rdacontent _atext |
||
| 337 |
_2rdamedia _aunmediated |
||
| 338 |
_2rdacarrier _avolume |
||
| 500 | _aPrécede al tít.: Cuerpo Facultativo de Archiveros, Bibliotecarios y Arqueólogos. | ||
| 650 |
_aAntigüedades _xColeccionistas y colecciones _zEspaña _zBurgos _947385 |
||
| 610 | 2 | 4 |
_947382 _aMuseo Arqueológico Provincial de Burgos (España) _xColecciones de arte _vCatálogos |
| 710 | 2 |
_947384 _aMuseo Arqueológico Provincial de Burgos (España) |
|
| 942 | _cMTS | ||
| 999 |
_c23899 _d23899 |
||